000 00499nam a2200181Ia 4500
008 090123s9999 xx 000 0 und d
082 _b12788
_a891.463/बगे
100 _aबगे आशा
245 _aमनस्विनी
250 _a1
260 _bमेनका प्रकाशन
_c1978
300 _a232
600 _aबगे आशा
630 _aमनस्विनी
700 _aबगे आशा
730 _aमनस्विनी
942 _cBOOK
999 _c50853
_d50853